{"text_format":"1","workbook":"xlsx","n_sheets":3,"sheets":["Formato","Instructivo de Diligenciamiento","Listas"],"not_rendered":{"charts":0,"images":3,"macros":1,"external_links":0,"defined_names":3,"comments":1,"pivot_tables":0},"unopened":[],"bounds":{"document_bytes":16777216,"sheet_cells":100000,"rows_first":2000,"rows_last":500,"rows_between":2000,"halvings":0,"cell_chars":16384,"cell_head_chars":4096},"cells_cut":0,"cells_raw":0,"read":"whole","date_system":"1900"}

{"sheet":"Formato","index":0,"n_rows":81,"n_cols":17,"rows_kept":81,"cut":false,"hidden":false,"merged":[[1,1,1,13],[7,1,7,2],[11,1,11,2],[23,9,23,13],[25,1,25,2],[25,4,25,5],[25,6,25,8],[25,9,25,10],[25,11,25,13],[11,3,11,9],[9,10,9,11],[9,12,9,13],[2,1,2,13],[4,1,5,3],[4,10,5,11],[4,7,5,9],[4,4,5,5],[27,6,27,8],[27,9,27,10],[27,11,27,13],[15,3,15,7],[27,4,27,5],[42,10,42,11],[29,9,29,10],[21,1,21,13],[7,3,7,9],[9,1,9,2],[9,3,9,7],[7,12,7,13],[23,1,23,2],[23,4,23,8],[19,1,19,13],[29,1,29,2],[29,11,29,13],[17,1,17,13],[29,4,29,8],[15,1,15,2],[13,1,13,13],[27,1,27,2],[38,2,38,3],[38,16,38,17],[38,10,38,11],[37,10,37,17],[31,6,31,8],[31,11,31,13],[37,1,37,9],[31,1,31,2],[31,4,31,5],[31,9,31,10],[35,0,35,17],[37,0,38,0],[38,8,38,9],[74,11,76,13],[77,11,77,13],[77,1,77,3],[77,6,77,8],[39,16,39,17],[64,6,64,7],[64,8,64,9],[39,10,39,11],[39,2,39,3],[39,8,39,9],[40,2,40,3],[40,8,40,9],[40,10,40,11],[40,16,40,17],[41,2,41,3],[41,8,41,9],[41,10,41,11],[41,16,41,17],[42,2,42,3],[42,8,42,9],[42,16,42,17],[43,2,43,3],[43,8,43,9],[43,10,43,11],[43,16,43,17],[79,10,80,14],[79,1,79,3],[79,6,79,8],[80,1,80,3],[80,4,80,5],[80,6,80,8],[67,0,67,17],[71,1,71,4],[71,5,71,7],[71,8,71,11],[72,1,72,4],[72,5,72,7],[72,8,72,11],[69,1,69,4],[69,5,69,7],[69,8,69,11],[70,1,70,4],[70,5,70,7],[70,8,70,11],[74,1,74,3],[46,2,46,3],[46,8,46,9],[46,10,46,11],[46,16,46,17],[45,2,45,3],[45,8,45,9],[45,10,45,11],[45,16,45,17],[44,2,44,3],[44,8,44,9],[44,10,44,11],[44,16,44,17],[50,2,50,3],[50,8,50,9],[50,10,50,11],[50,16,50,17],[47,2,47,3],[47,8,47,9],[47,10,47,11],[47,16,47,17],[49,2,49,3],[49,8,49,9],[49,10,49,11],[49,16,49,17],[48,2,48,3],[48,8,48,9],[48,10,48,11],[48,16,48,17],[51,2,51,3],[51,8,51,9],[51,10,51,11],[51,16,51,17],[52,2,52,3],[52,8,52,9],[52,10,52,11],[52,16,52,17],[53,2,53,3],[53,8,53,9],[53,10,53,11],[53,16,53,17],[54,2,54,3],[54,8,54,9],[54,10,54,11],[54,16,54,17],[55,2,55,3],[55,8,55,9],[55,10,55,11],[55,16,55,17],[56,2,56,3],[56,8,56,9],[56,10,56,11],[56,16,56,17],[57,2,57,3],[57,8,57,9],[57,10,57,11],[57,16,57,17],[58,2,58,3],[58,8,58,9],[58,10,58,11],[58,16,58,17],[59,2,59,3],[59,8,59,9],[59,10,59,11],[59,16,59,17],[60,2,60,3],[60,8,60,9],[60,10,60,11],[60,16,60,17],[61,2,61,3],[61,8,61,9],[61,10,61,11],[61,16,61,17],[62,2,62,3],[62,8,62,9],[62,10,62,11],[62,16,62,17]]}
[]
[null,"FORMATO PARA MODIFICACIÓN DE ÓRDENES DE COMPRA"]
[null,"Tienda Virtual del Estado Colombiano"]
[]
[null,"Número de Orden de Compra a modificar:",null,null,12461,null,null,"Número de modificación de la Orden de Compra:",null,null,2]
[]
[]
[null,"Entidad Compradora:",null,"MINISTERIO DE EDUCACION NACIONAL",null,null,null,null,null,null,null,"NIT:",899999001]
[]
[null,"Nombre del solicitante:",null,"CONSORCIO INTERTIC 2016",null,null,null,null,null,null,"Teléfono de contacto:",null,6237174]
[]
[null,"Proveedor :",null,"MEDIA COMMERCE PARTNERS SAS"]
[]
[null,"Sección 1: Tipo de acción"]
[]
[null,"Tipo",null,"Modificación de la Orden de Compra"]
[]
[null,"Sección 2: Justificación de la modificación o de las acciones a realizar"]
[]
[null,"Frente a la obligación del Ministerio de Educación Nacional de garantizar los servicios de conectividad a las Secretarias de Educación Nacional, para el acceso a las diferentes aplicaciones, es necesario : 1) ofrecer un mejor servicio a la sede de Maicao con una ampliación del ancho de banda de 2Mbps a 4 Mbps; 2)  atender una nuevo punto en Bogotá, en la Cra. 85D # 46A – 65 piso 3 (San Cayetano) con un enlace de 50 Mbps; 3) generar una corrección al valor mensual del item 78 que resultó de la modificación No. 1, toda vez que los valores del item que se eliminó (item 68) y el nuevo item (item 78) debe ser equivalentes, frente al descuento otorgado por el operador sobre el valor mensual del acuerdo marco de precios asociado al item 78 que se incluía. Con estas consideraciones se solicita modificar algunos items sobre los cuales se han aplicado descuentos por incumplimiento en ANS, sin afectar el valor total del contrato. La presente modificación no genera ajustes al presupuesto del IVA\n\n"]
[]
[null,"Sección 3:  Modificación información general"]
[]
[null,"Nombre del campo",null,"¿Requiere modificación Si/No?","Datos actuales",null,null,null,null,"Nuevos datos"]
[]
[null,"Actualizar supervisor",null,"NO","Nombre del supervisor actual",null,0,null,null,"Nombre nuevo supervisor"]
[]
[null,"Dirección y/o teléfono Supervisor",null,"NO","Teléfono actual supervisor",null,0,null,null,"Teléfono nuevo supervisor"]
[]
[null,"Fecha de vencimiento",null,"NO","   La fecha vencimiento actual se tomará de la TVEC al momento del cambio",null,null,null,null,"Nueva fecha de vencimiento"]
[]
[null,"Dirección y/o teléfono Entidad",null,"NO","Dirección / teléfono actual Entidad",null,0,null,null,"Nueva dirección / teléfono Entidad"]
[]
[]
[]
["Sección 4: Modificación de artículos y servicios"]
[]
["Tipo de modificación","Información actual",null,null,null,null,null,null,null,null,"Nueva información"]
[null,"Número de la línea según O.C.","Nombre del artículo",null,"Cantidad","Unidad de medida","Precio unitario","Total","Información presupuestal",null,"Nombre del artículo",null,"Cantidad","Unidad de medida","Precio unitario","Total","Información presupuestal"]
["Agregar nuevo artículo o servicio","No aplica","No aplica",null,"No aplica","No aplica","No aplica",0,"No aplica",null,"IT-C-CT-2-14. Enlace Conectividad Terrestre - Enlace Dedicado entre Puntos - Región 1 - Nivel de servicio bronce - Media- BW: 50 Mbps",null,5,"Mes",1398729,{"$f":"ROUND(M40*O40, 2)","v":6993645},"CDP-16417, RP 3917 del 2017-01-11, rubro A-1-0-2-14"]
["Modificación de artículo o servicio",1,"IT-C-CS-2-151 Enlaces de Conectividad Satelital - Enlace a Internet Satelital VSAT - Región 4 - Nivel de servicio bronce - NA - BW: 6 Mbps - BW: 3 Mbps - Re-uso: 1:2 - Mes",null,20,"Mes",8397166,{"$f":"ROUND(E41*G41, 2)","v":167943320},"2017: CDP – 16417, $104.124.858,40, 9,655%    2018: CDP – 55616, $62.978.745,00, 9,950%   ",null,"IT-C-CS-2-151 Enlaces de Conectividad Satelital - Enlace a Internet Satelital VSAT - Región 4 - Nivel de servicio bronce - NA - BW: 6 Mbps - BW: 3 Mbps - Re-uso: 1:2 - Mes",null,19.899999999999999,"Mes",8397166,167103603.40000001,"2017: CDP – 16417, $104.124.858,40, 9,655%    2018: CDP – 55616, $62.978.745,00, 9,950%   "]
["Modificación de artículo o servicio",6,"IT-C-CT-2-28 Enlaces de Conectividad Terrestre - Enlaces Dedicados entre Puntos - Región 1 - Nivel de servicio bronce - Alta - NA - NA - BW: 6 Mbps - NA - Mes",null,20,"Mes",247757,4955140,"2017: CDP – 16417, $2.849.205,50, 0,264%    2018: CDP – 55616, $1.858.177,50, 0,294%   ",null,"IT-C-CT-2-28 Enlaces de Conectividad Terrestre - Enlaces Dedicados entre Puntos - Región 1 - Nivel de servicio bronce - Alta - NA - NA - BW: 6 Mbps - NA - Mes",null,19,"Mes",247757,4707383,"2017: CDP – 16417, $2.849.205,50, 0,264%    2018: CDP – 55616, $1.858.177,50, 0,294%   "]
["Modificación de artículo o servicio",17,"IT-C-CT-2-165 Enlaces de Conectividad Terrestre - Enlaces Dedicados entre Puntos - Región 2 - Nivel de servicio bronce - Alta - NA - NA - BW: 4 Mbps - NA - Mes",null,20,"Mes",256959,5139180,"2017: CDP – 16417, $2.955.028,50, 0,274%    2018: CDP – 55616, $1.927.192,50, 0,304%",null,"IT-C-CT-2-165 Enlaces de Conectividad Terrestre - Enlaces Dedicados entre Puntos - Región 2 - Nivel de servicio bronce - Alta - NA - NA - BW: 4 Mbps - NA - Mes",null,19,"Mes",256959,4882221,"2017: CDP – 16417, $2.955.028,50, 0,274%    2018: CDP – 55616, $1.927.192,50, 0,304%"]
["Modificación de artículo o servicio",22,"IT-C-CS-2-151 Enlaces de Conectividad Satelital - Enlace a Internet Satelital VSAT - Región 4 - Nivel de servicio bronce - NA - BW: 6 Mbps - BW: 3 Mbps - Re-uso: 1:2 - Mes",null,20,"Mes",8397166,167943320,"2017: CDP – 16417, $104.124.858,40, 9,655%    2018: CDP – 55616, $62.978.745,00, 9,950%   ",null,"IT-C-CS-2-151 Enlaces de Conectividad Satelital - Enlace a Internet Satelital VSAT - Región 4 - Nivel de servicio bronce - NA - BW: 6 Mbps - BW: 3 Mbps - Re-uso: 1:2 - Mes",null,19.899999999999999,"Mes",8397166,167103603.40000001,"2017: CDP – 16417, $104.124.858,40, 9,655%    2018: CDP – 55616, $62.978.745,00, 9,950%   "]
["Modificación de artículo o servicio",24,"IT-C-CT-2-302 Enlaces de Conectividad Terrestre - Enlaces Dedicados entre Puntos - Región 3 - Nivel de servicio bronce - Alta - BW: 2 Mbps - Mes ",null,20,"Mes",331286,6625720,"2017: CDP – 16417, $4.107.946,40, 0,381%    2018: CDP – 55616, $2.484.645,00, 0,393%",null,"IT-C-CT-2-302 Enlaces de Conectividad Terrestre - Enlaces Dedicados entre Puntos - Región 3 - Nivel de servicio bronce - Alta - BW: 2 Mbps - Mes ",null,19.899999999999999,"Mes",331286,6592591.4000000004,"2017: CDP – 16417, $4.107.946,40, 0,381%    2018: CDP – 55616, $2.484.645,00, 0,393%"]
["Modificación de artículo o servicio",29,"IT-C-CT-2-302 Enlaces de Conectividad Terrestre - Enlaces Dedicados entre Puntos - Región 3 - Nivel de servicio bronce - Alta - BW: 2 Mbps - Mes ",null,20,"Mes",331286,6625720,"2017: CDP – 16417, $3.809.789,00, 0,353%    2018: CDP – 55616, $2.484.645,00, 0,393%   ",null,"IT-C-CT-2-302 Enlaces de Conectividad Terrestre - Enlaces Dedicados entre Puntos - Región 3 - Nivel de servicio bronce - Alta - BW: 2 Mbps - Mes ",null,19,"Mes",331286,6294434,"2017: CDP – 16417, $3.809.789,00, 0,353%    2018: CDP – 55616, $2.484.645,00, 0,393%   "]
["Modificación de artículo o servicio",35,"IT-C-CT-2-302 Enlaces de Conectividad Terrestre - Enlaces Dedicados entre Puntos - Región 3 - Nivel de servicio bronce - Alta - BW: 2 Mbps - Mes ",null,20,"Mes",331286,6625720,"2017: CDP – 16417, $4.107.946,40, 0,381%    2018: CDP – 55616, $2.484.645,00, 0,393%   ",null,"IT-C-CT-2-302 Enlaces de Conectividad Terrestre - Enlaces Dedicados entre Puntos - Región 3 - Nivel de servicio bronce - Alta - BW: 2 Mbps - Mes ",null,19.899999999999999,"Mes",331286,6592591.4000000004,"2017: CDP – 16417, $4.107.946,40, 0,381%    2018: CDP – 55616, $2.484.645,00, 0,393%   "]
["Modificación de artículo o servicio",43,"IT-C-CT-2-303 Enlaces de Conectividad Terrestre - Enlaces Dedicados entre Puntos - Región 3 - Nivel de servicio bronce - Alta - BW: 4 Mbps - Mes",null,20,"Mes",418709,{"$f":"ROUND(E48*G48, 2)","v":8374180},"2017: CDP – 16417, $4.396.444,50, 0,408%    2018: CDP – 55616, $3.140.317,50, 0,496%   ",null,"IT-C-CT-2-303 Enlaces de Conectividad Terrestre - Enlaces Dedicados entre Puntos - Región 3 - Nivel de servicio bronce - Alta - BW: 4 Mbps - Mes",null,18,"Mes",418709,{"$f":"ROUND(M48*O48, 2)","v":7536762},"2017: CDP – 16417, $4.396.444,50, 0,408%    2018: CDP – 55616, $3.140.317,50, 0,496%   "]
["Modificación de artículo o servicio",44,"IT-C-CS-2-151 Enlaces de Conectividad Satelital - Enlace a Internet Satelital VSAT - Región 4 - Nivel de servicio bronce - NA - BW: 6 Mbps - BW: 3 Mbps - Re-uso: 1:2 - Mes",null,20,"Mes",8397166,167943320,"2017: CDP – 16417, $103.285.141,80, 9,577%    2018: CDP – 55616, $62.978.745,00, 9,950%   ",null,"IT-C-CS-2-151 Enlaces de Conectividad Satelital - Enlace a Internet Satelital VSAT - Región 4 - Nivel de servicio bronce - NA - BW: 6 Mbps - BW: 3 Mbps - Re-uso: 1:2 - Mes",null,19.8,"Mes",8397166,166263886.80000001,"2017: CDP – 16417, $103.285.141,80, 9,577%    2018: CDP – 55616, $62.978.745,00, 9,950%   "]
["Modificación de artículo o servicio",45,"IT-C-CS-2-109 Enlaces de Conectividad Satelital - Enlace a Internet Satelital VSAT - Región 3 - Nivel de servicio bronce - NA - BW: 6 Mbps - BW: 3 Mbps - Re-uso: 1:2 - NA - Mes",null,20,"Mes",8397166,167943320,"2017: CDP – 16417, $104.124.858,40, 9,655%    2018: CDP – 55616, $62.978.745,00, 9,950%   ",null,"IT-C-CS-2-109 Enlaces de Conectividad Satelital - Enlace a Internet Satelital VSAT - Región 3 - Nivel de servicio bronce - NA - BW: 6 Mbps - BW: 3 Mbps - Re-uso: 1:2 - NA - Mes",null,19.899999999999999,"Mes",8397166,167103603.40000001,"2017: CDP – 16417, $104.124.858,40, 9,655%    2018: CDP – 55616, $62.978.745,00, 9,950%   "]
["Modificación de artículo o servicio",49,"IT-C-CT-2-164 Enlaces de Conectividad Terrestre - Enlaces Dedicados entre Puntos - Región 2 - Nivel de servicio bronce - Alta - NA - NA - BW: 2 Mbps - NA - Mes",null,20,"Mes",249172,4983440,"2017: CDP – 16417, $2.865.478,00, 0,266%    2018: CDP – 55616, $1.868.790,00, 0,295%",null,"IT-C-CT-2-164 Enlaces de Conectividad Terrestre - Enlaces Dedicados entre Puntos - Región 2 - Nivel de servicio bronce - Alta - NA - NA - BW: 2 Mbps - NA - Mes",null,19,"Mes",249172,4734268,"2017: CDP – 16417, $2.865.478,00, 0,266%    2018: CDP – 55616, $1.868.790,00, 0,295%"]
["Modificación de artículo o servicio",71,"IT-C-SC-05-1 Servicios Complementarios - Monitoreo detallado - NA - Nivel de Servicio Complementario - NA - NA - NA - Número de métricas a supervisar: 10 - NA - Mes",null,20,"Mes",6193950,123879000,"2017: CDP – 16417, $71.230.425,00, 6,605%    2018: CDP – 55616, $43.357.650,00, 6,850%",null,"IT-C-SC-05-1 Servicios Complementarios - Monitoreo detallado - NA - Nivel de Servicio Complementario - NA - NA - NA - Número de métricas a supervisar: 10 - NA - Mes",null,19.5,"Mes",6193950,120782025,"2017: CDP – 16417, $71.230.425,00, 6,605%    2018: CDP – 55616, $43.357.650,00, 6,850%"]
["Modificación de artículo o servicio",78,"IT-C-CT-4-137 Enlaces de Conectividad Terrestre - Ampliación Definiiva de Enlace Terrestre - Región 3 - Nivel de servicio bronce -  BW: 6 Mbps - NA - Mes",null,7,"Mes",580828,4065796,"2017: CDP – 16417, $71.230.425,00, 6,605%    2018: CDP – 55616, $43.357.650,00, 6,850%",null,{"$f":"C53","v":"IT-C-CT-4-137 Enlaces de Conectividad Terrestre - Ampliación Definiiva de Enlace Terrestre - Región 3 - Nivel de servicio bronce -  BW: 6 Mbps - NA - Mes"},null,7,"Mes",583997,{"$f":"ROUND(M53*O53, 2)","v":4087979},"2017: CDP – 16417, $71.230.425,00, 6,605%    2018: CDP – 55616, $43.357.650,00, 6,850%"]
["Agregar nuevo artículo o servicio","No aplica","No aplica",null,"No aplica","No aplica","No aplica",0,"No aplica",null,"IT-C-CT-4-135. Enlace Conectividad Terrestre - Ampliación Definitiva de Enlace Terrestre - Región 3 - Nivel de servicio bronce - BW: 2 Mbps",null,6,"Mes",381793.5,{"$f":"ROUND(M54*O54, 2)","v":2290761},"CDP – 16417, RP 3917 del 2017-01-11, Rubro A-1-0-2-14"]
["Ninguna","No aplica","No aplica",null,"No aplica","No aplica","No aplica",0,"No aplica",null,"No aplica",null,"No aplica","No aplica","No aplica",0,"No aplica"]
["Ninguna","No aplica","No aplica",null,"No aplica","No aplica","No aplica",0,"No aplica",null,"No aplica",null,"No aplica","No aplica","No aplica",0,"No aplica"]
["Ninguna","No aplica","No aplica",null,"No aplica","No aplica","No aplica",0,"No aplica",null,"No aplica",null,"No aplica","No aplica","No aplica",0,"No aplica"]
["Ninguna","No aplica","No aplica",null,"No aplica","No aplica","No aplica",0,"No aplica",null,"No aplica",null,"No aplica","No aplica","No aplica",0,"No aplica"]
["Ninguna","No aplica","No aplica",null,"No aplica","No aplica","No aplica",0,"No aplica",null,"No aplica",null,"No aplica","No aplica","No aplica",0,"No aplica"]
["Ninguna","No aplica","No aplica",null,"No aplica","No aplica","No aplica",0,"No aplica",null,"No aplica",null,"No aplica","No aplica","No aplica",0,"No aplica"]
["Ninguna","No aplica","No aplica",null,"No aplica","No aplica","No aplica",0,"No aplica",null,"No aplica",null,"No aplica","No aplica","No aplica",0,"No aplica"]
["Ninguna","No aplica","No aplica",null,"No aplica","No aplica","No aplica",0,"No aplica",null,"No aplica",null,"No aplica","No aplica","No aplica",0,"No aplica"]
["Ninguna","No aplica","No aplica",null,"No aplica","No aplica","No aplica",0,"No aplica",null,"No aplica",null,"No aplica","No aplica","No aplica",0,"No aplica"]
[]
[null,null,null,null,null,null,"Cantidad de celdas a agregar:",null,12]
[]
[]
["Sección 5: Resultados de la modificación"]
[]
["Número de la línea según O.C.","Nombre del artículo",null,null,null,"Valores actuales",null,null,"Nuevos valores"]
[null,"Valor de la línea IVA en la Orden de Compra:",null,null,null,{"$f":"ROUND(M71, 2)","v":0},null,null,null,null,null,null,0]
[null,"Valor de la línea AIU en la Orden de Compra:"]
[null,"Valor de la línea gravámenes adicionales en la Orden de Compra:"]
[]
[]
[]
[]
[null,"Firma ordenador del gasto",null,null,null,null,"Firma de Proveedor",null,null,null,null,"Fecha de elaboración"]
[]
["Nombre:","LINA MARIA ZAPATA BUSTAMANTE",null,null,null,"Nombre:","CLAUDIA PATRICIA JIMENEZ URIBE",null,null,null,"Las partes manifestamos que este mismo documento se cargará en la plataforma en formato Excel (.xlsm) y los cambios se pueden validar con el mismo."]
["Documento de Identidad:","42.898.796",null,null,"Documento de Identidad:",null,"42.102.540"]

{"sheet":"Instructivo de Diligenciamiento","index":1,"n_rows":4,"n_cols":2,"rows_kept":4,"cut":false,"hidden":false,"merged":[[3,1,82,10]]}
[]
[]
[]
[null,"Instrucciones de diligenciamiento:\n\nColombia Compra Eficiente ha diseñado este formato para que las Entidades Compradoras puedan realizar aclaraciones, modificaciones, cancelaciones o terminaciones y liquidaciones de las Órdenes de Compra que estén en ejecución y vigentes, o ejecutadas. Para ello debe indicar:\n\nDatos generales: Datos básicos como número de la Orden de Compra que requiere cambiar, número consecutivo de solicitud tenga en cuenta que la primera solicitud corresponderá a la número “1”, nombre de la Entidad Compradora, nombre de la persona que solicita las acciones, celular o número de teléfono y extensión, NIT de la Entidad Compradora y el nombre del Proveedor que ejecuta la Orden de Compra.\n\nSección 1. Tipo de acción: Las Entidades pueden solicitar cuatro tipos de acciones respecto de las Órdenes de Compra:\n\n(i) Aclaraciones: Son las indicaciones de cambio de información que no afectan el plazo, el valor o las condiciones contractuales de las Órdenes de Compra como: redacción en las condiciones de entrega, errores de digitación  o rectificación de la fecha de vencimiento. Estas aclaraciones no requieren de la aceptación del Proveedor. Sin embargo una vez realizada la aclaración en la Orden de Compra, la Entidad Compradora debe notificarle al Proveedor el cambio. \n\n(ii) Modificaciones: Son indicaciones de cambio en aumento o disminución de valor o plazo,  aumento o disminución de los bienes o servicios solicitados, cambios en las condiciones de ejecución o datos que afecten la ejecución de la Orden de Compra. Solo en los casos de cambio de supervisor y datos de notificación como dirección o teléfono se puede omitir la firma del Proveedor. Sin embargo una vez realizada la modificación, la Entidad Compradora debe notificarle al Proveedor el cambio.\n\n(iii) Cancelación: Es la manifestación de la Entidad de no iniciar la ejecución de la Orden de Compra la cual también debe ser aceptada por el Proveedor.\n\n(iv) Terminación y Liquidación: Este tipo de acción es mediante la cual una Entidad Compradora formaliza la terminación y liquidación de las obligaciones derivadas de la Orden de Compra y así establece las acreencias pendientes a favor o en contra de cada parte de la Orden de Compra, también sirve para aclarar la ejecución de la misma o realizar la terminación anticipada en caso de que las partes así lo deseen. Este tipo de acción se debe aplicar dentro de los términos establecidos en cada Acuerdo Marco de Precios, para lo cual se requiere la solicitud por parte de la Entidad Compradora firmada por el Ordenador del Gasto y el representante legal del Proveedor, así como el informe del supervisor de la Orden de Compra. \n\nSección 2.  Justificación: Las razones de la realización del cambio de la Orden de Compra.\n\nSección 3. Modificación información general: la idea en esta sección es indicar cuales son los datos de información general de la orden de compra que requiere cambiar\n\nSección 4. Modificación de artículos o servicios: esta sección unicamente aplica en caso de que la acción a realizar sea modificar o terminar y liquidar la orden de compra, allí deberá indicar el tipo de midificación que desea realizar e ingresar o modificar los articulos que desea ajustar. Al momento de diligenciar esta sección tenga en cuenta las siguientes recomendaciones:\n\n(i) Las correcciones en el plazo de ejecución son diferentes a las modificaciones en el plazo, ejemplo: la Entidad Compradora adquirió elementos con tres entregas parciales pero digitó como fecha final de la Orden de Compra la fecha de la primera entrega, para corregir esto la Entidad Compradora selecciona en tipo de acción: aclaración y en el campo de fecha de vencimiento indica la fecha correcta. En el caso que fuera cambio de fecha fin, ejemplo: prorrogar o disminuir varios meses la ejecución de la Orden de Compra se utiliza en tipo de acción: modificación.\n\n(ii) para la realización de las modificaciones tenga en cuenta las secciones de modificación de cada una de las guías de compra\n\n(iii) los valores y cantidades solo pueden tener hasta dos decimales.\n\n(iv) la decisión de modificar, adicionar o combinar las dos opciones dependerá de las necesidades de cada Entidad Compradora, ejemplo si es un servicio y adicionalmente solo requiere modificar “cantidad” se recomienda seleccionar “modificación de artículo”, cuando son bienes puede modificar cualquiera de los demás campos.\n\n(v) si requiere cambio de condiciones de un servicio ya ejecutado se recomienda modificar la línea para que se refleje la parte ejecutada y adicionar una nueva línea para las nuevas condiciones del servicio que va a ejecutar.\n\nSección 5. Resultados de la modificación: La entidad siempre debe indicar en el recuadro el valor total del IVA, AIU, gravámenes adicionales, estos campos serán los valores finales que quedarán en la Orden de Compra después de la modificación, tenga en cuenta que el campo de IVA no aplica para algunos AMP como: papelería, vehículos y SOAT y que el campo de AIU solo aplica para aseo y cafetería.\n\nFirmas del documento: El ordenador del gasto de la Entidad Compradora debe firmar el documento y enviarlo al Proveedor para que lo acepte y firme, en caso de que así se requiera. El documento firmado debe ser enviado a través del aplicativo dispuesto por   Colombia Compra Eficiente para realizar las acciones solicitadas.\n\nFecha de elaboración del documento: Corresponde a la fecha en la que la Entidad Compradora y el Proveedor llegaron a un acuerdo para realizar las acciones y se suscribe el documento, recuerde que: (i) para poder realizar modificaciones en las Órdenes de Compra las mismas se deben acordar dentro de la vigencia de la Orden de Compra, (ii) Las órdenes de compra no se podrán modificar si ya se encuentran vencidas, (iii) Se da por realizada la modificación o acción que requiera realizar la Entidad, desde le momento en que las partes la firmen. Colombia Compra Eficiente lo único que realiza en la Tienda Virtual es el proceso de publicación de la modificación o ajuste que las partes hayan acordado a través de la firma de este documento. \n\nSi la Entidad Compradora requiere agregar archivos que estén relacionados con las acciones a realizar como: copia del CDP y/o aprobación de Vigencia Futura (VF) que soporta la adición, soportes documentales, correos, cartas, etc... debe publicarlos junto con el documento de modificación suscrito en un único archivo .Pdf con alta resolución de escaneo, si el documento no es legible se tomaran los cambios contenidos en el formato Excel, tenga en cuenta que Colombia Compra Eficiente únicamente publicará las modificaciones especificadas en el formato enviado por el aplicativo.\n\n"]

{"sheet":"Listas","index":2,"n_rows":5,"n_cols":3,"rows_kept":5,"cut":false,"hidden":true,"merged":[]}
["TipoDeModificacion",null,"Modificacion"]
["Modificación de la Orden de Compra",null,"Modificación de artículo o servicio"]
["Aclaración a la Orden de Compra",null,"Agregar nuevo artículo o servicio"]
["Cancelación de la Orden de Compra",null,"Eliminar artículo o servicio"]
["Terminación y Liquidación de la Orden de Compra",null,"Ninguna"]